Cities by Flag - Statistics

General Stats
  • This quiz has been taken 29 times
  • The average score is 9 of 15
Answer Stats
Picture Answer % Correct
Jerusalem
95%
Hong Kong
89%
Barcelona
74%
Berlin
74%
Madrid
74%
New York City
74%
Amsterdam
68%
Rome
63%
Lisbon
53%
Tokyo
53%
Budapest
47%
Los Angeles
47%
New Orleans
47%
Milan
42%
Venice
42%
No matching quizzes found
Score Distribution
Percent of People with Each Score
Percentile by Number Answered
Your Score History
You have not taken this quiz